000 00304 a2200145 4500
001 171809
020 _a
040 _cMagnum
100 _aSaldanha, Paula
240 1 0 _aMisterios e assombracoes
_lpor
245 1 0 _aMisterios e assombracoes
362 0 _a1899
697 _aIJ/CONFLITO
942 _cBK
999 _c171809
_d171809